The Strokes Lyrics - You Only Live Once - Statistics

General Stats
  • This quiz has been taken 108 times
  • The average score is 157 of 197
Answer Stats
Lyrics % Correct
a
99%
so
99%
I
97%
me
97%
the
97%
oh
94%
Oh,
94%
Some
94%
you
94%
you,
94%
and
93%
And
93%
be
93%
get
93%
I'll
93%
people
93%
see
93%
they
93%
think
93%
up!
93%
up
93%
right
91%
they're
91%
always
90%
are
88%
down!
88%
down
88%
for
88%
baby
85%
don't,
85%
don't
85%
Others
85%
Others,
85%
can't
84%
waiting
84%
with
84%
along
82%
no
82%
quiet
82%
sunshine
82%
to
82%
uptight
81%
men
79%
very
79%
wrong,
79%
that
78%
way
78%
'Cause
76%
nice
76%
-nice
76%
-nice,
76%
seem
76%
ways
76%
I'm
75%
Shut
75%
Not
74%
of
74%
One
74%
one
74%
world,
74%
got
72%
sad
72%
your
72%
man,
71%
Only
71%
what
71%
feel
69%
start
69%
Sit
68%
fight,
66%
Inside
66%
Twenty
66%
twenty
66%
different
65%
It
65%
like,
65%
lot
65%
might
65%
through
65%
attributes
63%
calm
63%
please
63%
seven
63%
women
63%
choose,
62%
doesn't
60%
matter
60%
thousand
59%
too
59%
which
59%
requires
57%
know
56%
-nine
56%
plan,
54%
even
53%
notice
53%
religions
49%
countless
43%
refuse,
43%
odd
41%
back,
35%
I've
34%
tried
34%
turn
32%
now
31%
This
28%
stubborn
21%
alright
10%
No matching quizzes found
Score Distribution
Percent of People with Each Score
Percentile by Number Answered
Your Score History
You have not taken this quiz